00411nam a2200121Ia 4500008004100000245015000041260001700191260000900208300000800217650002300225650001200248856002900260170516s9999 xx 000 0 und d aLabeling Human Mesenchymal Stem Cells with Gold Nanocages for in vitro and in vivo Tracking by Two-Photon Microscopy and Photoacoustic Microscopy bTheranostics c2013 a3:8 xMedical Technology xMedtech uhttp://www.thno.org/v3i8